| 000 | 00415 a2200145 4500 | ||
|---|---|---|---|
| 005 | 20250623093449.0 | ||
| 020 | _a0-07-147228-2 | ||
| 082 | _a658.4 ANI | ||
| 100 | _aMENAWAT, A | ||
| 245 | _aProfit Mapping: A Tool for Aligning Operations with Future Profit and Performance | ||
| 260 |
_aNew York _bMcGraw Hill _c2006 |
||
| 300 |
_axi, 263p.: ill.; figures _bIndex _c23cm |
||
| 700 | _aAdam Garfein | ||
| 942 |
_2ddc _cBKS |
||
| 999 |
_c4645 _d4645 |
||